00408nam a2200121Ia 4500008004100000245010600041260002400147260000900171300000700180650002300187650001200210856006400222170516s9999 xx 000 0 und d aCritical factors affecting the integration of biomass gasification and syngas fermentation technology bAIMS Bioengineering c2016 a:2 xMedical Technology xMedtech uhttp://www.aimspress.com/journal/Bioengineering/2016/2.html